| 000 | 01079nam a2200277Ia 4500 | ||
|---|---|---|---|
| 003 | OSt | ||
| 005 | 20220923211239.0 | ||
| 006 | a|||||r|||| 00| 0 | ||
| 007 | ta | ||
| 008 | 220922b |||||||| |||| 00| 0 hin d | ||
| 020 |
_a9788174831514 (pbk) _c165 |
||
| 024 | _a324,744 | ||
| 037 |
_b395, 12/03/2018, Eastern Book Linkers _cTextual |
||
| 040 |
_aARTS _cARTS _bhin |
||
| 041 |
_2hin _ahin |
||
| 082 | _aO152,3M912x, Q4 | ||
| 100 |
_aकौशिक, विश्वम्भरनाथ शर्मा, ले. _9160021 |
||
| 245 | 0 | _aताई और अन्य कहानियॉं | |
| 246 | _aTāī aur anya kahāniyaॉan | ||
| 260 |
_aदिल्ली _b शिक्षा भारती _c2014 |
||
| 300 |
_a181पृ. _ccm. |
||
| 650 |
_a हिन्दी साहित्य _9156264 |
||
| 650 | _aहिन्दी कहानी | ||
| 942 |
_hO152,3M912x, Q4 _cTEXL _2CC |
||
| 999 |
_c297603 _d297603 |
||